000 00605 a2200181 4500
999 _c4648
_d4648
010 _aENG-86521
020 _a8183821049
_c150.00
035 _aEN-70054
037 _bDBAD / PUB
082 1 4 _a370.71
100 1 _aSuraj Prakash Bhan
245 1 _aTeacher training /
_cby Suraj Prakash Bhan
260 _aNew Delhi
_bLotus Press
_c2006
270 _a4263/3, Ansari Road, Darya Ganj
_bNew Delhi
_e110 002
_k011-32903912, 011-23290047
_mlotus_press@sify.com
300 _a271 p.
_c22cm (Pbk)
500 _aincludes bibliographical references and index
942 _adpl
_cEN
_2ddc
_h370.71
_mSUR